00309nam a2200133Ia 4500100001800000650001400018366000700032654002000039245004400059260002800103082001300131300000800144546002300152 aSubramanya/K  aMechanics f25 afluid mechanics a1000 solved problems in Fluid Mechanics bMCGRAW HILL PUBL.c2005 a532bSUB a456 aENGLISHcInfo.Tech